LAW OF INVESTMENT & SECURITIES (Record no. 27963)

MARC details
000 -LEADER
fixed length control field 00425nam a22001577a 4500
003 - CONTROL NUMBER IDENTIFIER
control field SGT
020 ## - INTERNATIONAL STANDARD BOOK NUMBER
International Standard Book Number 9788119107629
082 ## - DEWEY DECIMAL CLASSIFICATION NUMBER
Classification number 346.092
Item number MYN
100 ## - MAIN ENTRY--PERSONAL NAME
Personal name MYNENI S R
245 ## - TITLE STATEMENT
Title LAW OF INVESTMENT & SECURITIES
Remainder of title INCLUDING THE LATEST AMENDMENTS IN COMPANIES ACT 2013 SEBI FEMA NBFC ETC
250 ## - EDITION STATEMENT
Edition statement 5
260 ## - PUBLICATION, DISTRIBUTION, ETC. (IMPRINT)
Place of publication, distribution, etc HYDERABAD
Name of publisher, distributor, etc ASIA LAW HOUSE
Year of Publication 2024
300 ## - PAGE DESCRIPTION
No. of Pages 488
653 ## - KEYWORDS--INDEX TERM
Keyword term SEBI , FEMA, NBFC
942 ## - ADDED ENTRY ELEMENTS (KOHA)
Source of classification or shelving scheme Dewey Decimal Classification
Koha item type Books
Holdings
Withdrawn status Lost status Source of classification or shelving scheme Damaged status Not for loan Collection code Home library Current library Shelving location Date acquired Vendor Name Cost, normal purchase price SGTU Bill Number Full call number Accession No. (Barcode) Date last seen Bill Date Koha item type Total Checkouts
    Dewey Decimal Classification   Not For Loan LAW SGT Science & Social Sciences Library SGT Science & Social Sciences Library Reference Book 05/12/2024 COMMERCIAL BOOK HOUSE 675.00 SGTU 994 346.092 MYN FL3723 05/12/2024 05/11/2024 Books  
    Dewey Decimal Classification     LAW SGT Science & Social Sciences Library SGT Science & Social Sciences Library Text Book 05/12/2024 COMMERCIAL BOOK HOUSE 675.00 SGTU 994 346.092 MYN FL3724 05/12/2024 05/11/2024 Books  
    Dewey Decimal Classification     LAW SGT Science & Social Sciences Library SGT Science & Social Sciences Library Text Book 05/12/2024 COMMERCIAL BOOK HOUSE 675.00 SGTU 994 346.092 MYN FL3725 05/12/2024 05/11/2024 Books  
    Dewey Decimal Classification     LAW SGT Science & Social Sciences Library SGT Science & Social Sciences Library Text Book 05/12/2024 COMMERCIAL BOOK HOUSE 675.00 SGTU 994 346.092 MYN FL3726 11/12/2024 05/11/2024 Books